000 00680nam a2200217 a 4500
005 20140310183451.0
008 090120s19uu xx 00 eng d
020 _a9780071497299
050 _aHC 435.2
_b.N3226 2008
100 _aKamal, Nath
245 _aIndia's century :
_cthe age of entrepreneurship in the worlds biggest democracy /
_bNath Kamal.
260 _aNew York :
_bMcGraw-Hill,
_c2008.
300 _a230 p. :
_bill. ;
_c26 cm.
521 _aBSBA
650 _aBSBA.
650 _aIndia
_xEconomic policy
_x1947.
650 _aIndia
_xEconomic conditions
_x1947.
650 _aIndia
_xCommerce
_xHistory
_x20th century.
942 _cBK
_2lcc
_kFOR
999 _c23434
_d23434